00521nam a2200157Ia 450000500170000000800410001708200130005810000210007124500500009226000360014230000120017850000560019094200060024695200960025299900150034820250509034516.0240331s9999 xx 000 0 und d bJANa891 aMarga Ayathanaya 0aJana wargike sadaranathwaya jathika ekamutuwa aColombobMargaa Institutec1985 a64 p ., aInter-Racial Equity and National Unity in Sri Lanka cL 001040708LaWERCLbWERCLcSSCd2024-03-31l0o 305.8 JANp912r2024-03-31w2024-03-31yL c2014d2014